| 000 | 00775nam a2200253Ia 4500 | ||
|---|---|---|---|
| 003 | OSt | ||
| 005 | 20220928130100.0 | ||
| 006 | a|||||r|||| 00| 0 | ||
| 007 | ta | ||
| 008 | 220927b |||||||| |||| 00| 0 eng d | ||
| 020 | _c790 | ||
| 024 | _a101816 | ||
| 037 |
_b22, 13/11/2009, Om Book Distributors _cTextual |
||
| 040 |
_aSDCL _cSDCL _beng |
||
| 041 |
_2eng _aeng |
||
| 082 | _aX61.2'P, P9 | ||
| 100 |
_aVijayakumar A Ed. _9454005 |
||
| 245 | 0 | _aBanking, micro finance and self-help groups (SHGs) in India. | |
| 260 |
_aNew Delhi _bNew Century Publications _c2009 |
||
| 300 |
_axx,333p _ccm. |
||
| 650 | _aFinancial Studies | ||
| 942 |
_hX61.2'P, P9 _cTEXL _2CC |
||
| 999 |
_c785215 _d785215 |
||